TV Shows en Español Quiz Stats

 Plays Quiz Updated Nov 9, 2012

Challenge
Share
Tweet
Embed
Score 0/34 Timer 08:00
0 Plays Today
Título en español Translation % Correct
La oficinaThe Office
96.5%
Misión: ImposibleMission: Impossible
95.7%
AmigosFriends
95.5%
El sexo y la ciudadSex and the City
91.7%
Sesenta minutos60 Minutes
87.9%
Dos hombres y medioTwo and a Half Men
82.6%
Quién quiere ser millonarioWho Wants to Be a Millionaire
80.3%
Veinticuatro24
79.5%
La rueda de la fortunaWheel of Fortune
79.3%
Acres verdesGreen Acres
79.3%
Todos en la familiaAll in the Family
77.3%
El precio es correctoThe Price is Right
76.6%
Bailando con las estrellasDancing with the Stars
75.9%
Cómo conocí a tu madreHow I Met Your Mother
75.3%
Días felicesHappy Days
71.2%
Mis tres hijosMy Three Sons
71.2%
Días de nuestras vidasDays of Our Lives
71.1%
Título en español Translation % Correct
La cocina del infiernoHell's Kitchen
70.5%
Trato o no tratoDeal or No Deal
69.3%
La casa pequeña en la praderaLittle House on the Prairie
65%
¿Quién es el jefe?Who's the Boss?
59.8%
La ley y el ordenLaw and Order
56.9%
Casa llenaFull House
48.6%
PerdidosLOST
47.8%
Tercera piedra del sol3rd Rock from the Sun
46.9%
Las chicas doradasGolden Girls
45.9%
¡Salud!Cheers
45.6%
La sangre verdaderaTrue Blood
44.1%
El rey de la colinaKing of the Hill
43.4%
¿Coche cincuenta y cuatro dónde estás?Car 54 Where Are You?
32.8%
Salvado por la campanaSaved By the Bell
32.1%
SobrevivienteSurvivor
26.7%
Desarrollo detenidoArrested Development
19.3%
La monja que vuelaThe Flying Nun
15.5%

You're not logged in!

Compare scores with friends on all Sporcle quizzes.
Join for Free
OR
Log In

You Might Also Like...

Show Comments

Extras

Top Quizzes Today


Score Distribution

Your Account Isn't Verified!

In order to create a playlist on Sporcle, you need to verify the email address you used during registration. Go to your Sporcle Settings to finish the process.

Report this User

Report this user for behavior that violates our Community Guidelines.

Details: